000 00627nam a22002172 4500
001 0000024348
005 20151217154509.0
008 130906s xx 000 0 eng d
020 _a0815342434 :
040 _aKABU
_cKABU
100 1 _aMurphy, Kenneth P.
_@0000184361
245 1 0 _aJaneway's immunobiology /
_cKenneth P. Murphy.
250 _a8th ed.
260 _aLondon :
_bGarland Science,
_c2012.
300 _axix, 868 p.
650 0 _aImmunology.
_@0000075663
700 1 _aJaneway, Charles.
_@0000184362
852 1 _9p6584 KES
908 _a130906
950 _@1
999 _c11530
_d11530